00989nam a2200253 a 4500001001000000003000400010005001700014008004100031020001200072040002500084082001600109100003300125245004700158260003700205300002000242490001600262590002700278830002300305910001400328942001400342952018300356952017900539999001700718000046061OSt20240313073817.0150616s2003 dr 000 0 spa d z9993429 aDO-SdBNPbspacBNPHU axxxxbC697T1 aCollado, Lipe,d1947-97981910aTrujillo, su vida, su era /cLipe Collado. aSanto Domingo :bCollado,c2003. a85 p. ;c18 cm.1 aBiografía aInventariado, 2020/ YL 0aBiografía954122 aYLockward 2ddccLBS1 00102ddc51718PDaPDbPDcCTd2013-10-16eErick LandestoyiLF1l0oxxxx xxxxp46061-10r2020-06-25w2020-06-25yLFPDzPerteneció a la biblioteca personal de Erick Landestoy. 00102ddc51718PDaPDbPDcCTd2018-06-15eLea PayanoiLF1l0oxxxx xxxxp2020-0589r2020-11-25w2020-06-25yLFPDzPerteneció a la biblioteca personal de Erick Landestoy. c45550d45550